The Macmillan book of houseplants / (Record no. 9939)
[ view plain ]
| 000 -LEADER | |
|---|---|
| fixed length control field | 00936nam a2200313 a 4500 |
| 001 - CONTROL NUMBER | |
| JCCL Control Number | 9939 |
| 003 - CONTROL NUMBER IDENTIFIER | |
| JCCL marc code | BD-JhCC |
| 005 - DATE AND TIME OF LATEST TRANSACTION | |
| control field | 20180403185144.0 |
| 008 - FIXED-LENGTH DATA ELEMENTS--GENERAL INFORMATION | |
| fixed length control field | 860116s1986 nyua 001 0 eng |
| 020 ## - INTERNATIONAL STANDARD BOOK NUMBER | |
| International Standard Book Number | 0020630301 (pbk.) : |
| Terms of availability | $6.95 |
| 035 ## - SYSTEM CONTROL NUMBER | |
| system control number | (BD-JhCC)9939 |
| 040 ## - CATALOGING SOURCE | |
| Original cataloging agency | DLC |
| Transcribing agency | DLC |
| Modifying agency | DLC |
| -- | BD-JhCC |
| 041 1# - LANGUAGE CODE | |
| Language code of Book | engdut |
| 050 00 - LIBRARY OF CONGRESS CALL NUMBER | |
| Classification number | SB419 |
| Item number | .H563 1986 |
| 082 00 - DEWEY DECIMAL CLASSIFICATION NUMBER | |
| Classification number | 635.965 |
| DDC Edition number | 19 |
| Author mark and Year | HER 1986 |
| 100 1# - MAIN ENTRY--PERSONAL NAME | |
| Personal name | Herwig, Rob, |
| Dates associated with a name | 1935- |
| 240 10 - UNIFORM TITLE | |
| Uniform title | 201 kamerplanten in kleur. |
| 245 14 - TITLE STATEMENT | |
| Title | The Macmillan book of houseplants / |
| Statement of responsibility, etc | by Rob Herwig ; translated by Marian Powell. |
| 250 ## - EDITION STATEMENT | |
| Edition statement | 1st Collier Books ed. |
| 260 ## - PUBLICATION, DISTRIBUTION, ETC. (IMPRINT) | |
| Place of publication, distribution, etc | New York : |
| Name of publisher, distributor, etc | Collier Books, |
| Date of publication, distribution, etc | 1986. |
| 300 ## - PHYSICAL DESCRIPTION | |
| Pagination | 96 p. : |
| Other physical details | col. ill. ; |
| Dimensions | 19 cm. |
| 500 ## - GENERAL NOTE | |
| General note | "Originally titled 201 kamerplanten in kleur." |
| 500 ## - GENERAL NOTE | |
| General note | Includes index. |
| 650 #0 - SUBJECT ADDED ENTRY--TOPICAL TERM | |
| Topical term or geographic name as entry element | House plants. |
| 650 #0 - SUBJECT ADDED ENTRY--TOPICAL TERM | |
| Topical term or geographic name as entry element | House plants |
| General subdivision | Pictorial works. |
| 740 0# - | |
| Uncontrolled related/analytical title | Houseplants. |
| 942 ## - ADDED ENTRY ELEMENTS (KOHA) | |
| Source of classification or shelving scheme | Dewey Decimal Classification |
| Koha item type | Books |
| Source of classification or shelving scheme | Damaged status | Not for loan | Home library | Current library | Shelving location | Date of accession | Total Checkouts | Full call number | Barcode | Date last seen | Copy number | Koha item type |
|---|---|---|---|---|---|---|---|---|---|---|---|---|
| Dewey Decimal Classification | JCC Rouf Library | JCC Rouf Library | General Stacks | 03/04/2018 | 635.965 HER 1986 | 12999 | 04/03/2018 | C-1 | Books | |||
| Dewey Decimal Classification | JCC Rouf Library | JCC Rouf Library | General Stacks | 04/04/2018 | 635.965 HER 1986 | 12840 | 04/04/2018 | C-2 | Books |